Pokemon Legends: Arceus- An Ancient Dex - Statistics

General Stats
  • This quiz has been taken 130 times
  • The average score is 175 of 242
Answer Stats
type pokmon % Correct
grass/flying rowlet
97%
fire cyndaquil
96%
water dewott
96%
grass/fighting hisuian decidueye
96%
water/dark hisuian samurott
96%
fire/ghost hisuian typhlosion
96%
water oshawott
96%
fire quilava
94%
normal/water bibarel
93%
normal bidoof
93%
grass/flying dartrix
93%
normal/flying staraptor
93%
normal/flying staravia
93%
normal/flying starly
93%
electric luxio
91%
electric luxray
91%
electric shinx
91%
fire ponyta
90%
fire rapidash
90%
bug/flying beautifly
88%
bug cascoon
88%
bug/poison dustox
88%
normal eevee
88%
psychic espeon
88%
fire flareon
88%
ice glaceon
88%
electric jolteon
88%
grass leafeon
88%
bug silcoon
88%
fairy sylveon
88%
dark umbreon
88%
water vaporeon
88%
bug wurmple
88%
poison/flying crobat
87%
poison/flying golbat
87%
poison/flying zubat
87%
bug/groundbug/steel wormadam
85%
bug burmy
84%
bug/flying mothim
84%
electric pikachu
84%
rock/ground geodude
82%
rock/ground golem
82%
rock/ground graveler
82%
electric pichu
82%
ghost/poison gastly
81%
ghost/poison gengar
81%
ghost/poison haunter
81%
bug/rock kleavor
81%
bug/steel scizor
81%
bug/flying scyther
81%
psychic abra
79%
psychic alakazam
79%
normal arceus
79%
fire chimchar
79%
ghost/flying drifblim
79%
ghost/flying drifloon
79%
water/steel empoleon
79%
psychic/fighting gallade
79%
psychic/fairy gardevoir
79%
psychic kadabra
79%
psychic/fairy kirlia
79%
psychic/fairy ralts
79%
normal stantler
79%
fairy togepi
79%
grass turtwig
79%
grass/ice abomasnow
78%
poison/fighting croagunk
78%
grass grotle
78%
water/flying gyarados
78%
fire/fighting infernape
78%
water magikarp
78%
fire/fighting monferno
78%
water piplup
78%
fairy/flying togekiss
78%
fairy/flying togetic
78%
grass/ground torterra
78%
poison/fighting toxicroak
78%
fire magmar
76%
rock/ground onix
76%
bug/grass paras
76%
bug/grass parasect
76%
water phione
76%
water prinplup
76%
water/poison qwilfish
76%
grass/ice snover
76%
steel/ground steelix
76%
dark/ice weavile
76%
normal/psychic wyrdeer
76%
water basculin
75%
water buizel
75%
water floatzel
75%
dragon/ground gabite
75%
dragon/ground garchomp
75%
dragon/ground gible
75%
bug/fighting heracross
75%
fire/rock hisuian arcanine
75%
fire/rock hisuian growlithe
75%
fighting/poisondark/ice hisuian sneasel/sneasel
75%
fire magby
75%
water manaphy
75%
water/dragon palkia
75%
electric raichu
75%
normal teddiursa
75%
normal ursaring
75%
grass/poison budew
73%
dark darkrai
73%
steel/dragon dialga
73%
electric elekid
73%
ghost/dragon giratina
73%
grass/fighting hisuian lilligant
73%
dark/flying honchkrow
73%
fire magmortar
73%
normal munchlax
73%
dark/flying murkrow
73%
grass/poison roselia
73%
grass/poison roserade
73%
electric/ghost rotom
73%
normal snorlax
73%
electric electabuzz
72%
ice/ghost froslass
72%
water/ground gastrodon
72%
ice glalie
72%
ground hippopotas
72%
ground hippowdon
72%
fighting/steel lucario
72%
fighting machamp
72%
fighting machoke
72%
fighting machop
72%
grass petilil
72%
fighting riolu
72%
grassgrass/flying shaymin
72%
water shellos
72%
ice snorunt
72%
ghost/dark spiritomb
72%
water/poison tentacool
72%
bug/flying combee
70%
electric electivire
70%
bug kricketot
70%
bug kricketune
70%
ice/water spheal
70%
water/poison tentacruel
70%
bug/flying vespiquen
70%
water/ghost basculegion
69%
poison/dark drapion
69%
ghost dusclops
69%
ghost duskull
69%
ground/flying gligar
69%
ground/flying gliscor
69%
dragon goomy
69%
steel/dragon hisuian goodra
69%
steel/dragon hisuian sliggoo
69%
electric/steel magnemite
69%
electric/steel magnezone
69%
ice/ground mamoswine
69%
ground/rock rhydon
69%
ground/rock rhyperior
69%
ice/water sealeo
69%
poison/bug skorupi
69%
ice/ground swinub
69%
ground/normal ursaluna
69%
ice/water walrein
69%
ice bergmite
67%
ghost dusknoir
67%
fire/steel heatran
67%
ice/rock hisuian avalugg
67%
psychic/flying hisuian braviary
67%
electric/grass hisuian electrode
67%
electric/grass hisuian voltorb
67%
normal/ghost hisuian zorua
67%
electric/steel magneton
67%
water/flying mantine
67%
water/flying mantyke
67%
ice/ground piloswine
67%
normal/flying rufflet
67%
poison/dark skuntank
67%
fighting/poison sneasler
67%
poison/dark stunky
67%
bug/flying yanma
67%
bug/flying yanmega
67%
psychic azelf
66%
psychic/steel bronzong
66%
psychic/steel bronzor
66%
normal buneary
66%
grass cherrim
66%
grass cherubi
66%
normal/ghost hisuian zoroark
66%
psychic mesprit
66%
water/poison overqwil
66%
ground/rock rhyhorn
66%
psychic uxie
66%
grass carnivine
64%
psychic cresselia
64%
ground/flying landorus
64%
normal lopunny
64%
psychic/fairy mime jr.
64%
psychic/fairy mr. mime
64%
normal regigigas
64%
electric/flying thundurus
64%
water/ground barboach
63%
fireice/fairy ninetales
63%
flying tornadus
63%
fireice vulpix
63%
water/ground whiscash
63%
normal blissey
61%
normal chansey
61%
normal/flying chatot
61%
water finneon
61%
psychic chingling
60%
normal glameow
60%
normal happiny
60%
water lumineon
60%
normal purugly
60%
grass tangela
60%
grass tangrowth
60%
normal aipom
58%
psychic chimecho
58%
fairy/flying enamorus
58%
rock nosepass
58%
normal ambipom
57%
water golduck
57%
ghost misdreavus
57%
ghost mismagius
57%
electric pachirisu
57%
rock/steel probopass
57%
water psyduck
57%
water octillery
55%
water remoraid
55%
rock bonsly
54%
rock cranidos
54%
rock rampardos
54%
rock sudowoodo
54%
rock/steel bastiodon
52%
fairy clefable
52%
fairy cleffa
52%
normal lickilicky
52%
normal lickitung
52%
fairy clefairy
51%
psychic unown
51%
normal porygon
49%
rock/steel shieldon
49%
normal porygon2
48%
normal porygon-z
48%
No matching quizzes found
Score Distribution
Percent of People with Each Score
Percentile by Number Answered
Your Score History
You have not taken this quiz